Python Data Science Handbook

Uloženo v:
Podrobná bibliografie
Hlavní autor: Jake VanderPlas
Médium: Kniha
Vydáno: shroff
Témata:
Tagy: Přidat tag
Žádné tagy, Buďte první, kdo vytvoří štítek k tomuto záznamu!

MARC

LEADER 00000nam a2200000Ia 4500
005 20260427112720.0
526 |b Data Science 
100 |a Jake VanderPlas 
020 |a 9789355422552 
650 |a Programming 
526 |a Bachelors 
942 |c BK 
245 |a Python Data Science Handbook 
260 |b shroff 
999 |c 103  |d 103 
952 |0 0  |1 0  |4 0  |7 0  |8 2  |a BRISTOL  |b BRISTOL  |d 2026-04-22  |l 0  |p 000062  |r 2026-04-27 11:27:20  |w 2026-04-27  |y BK